000 00324nam a2200121Ia 4500
008 190216s9999||||xx |||||||||||||| ||und||
100 _a"Mekhlyonov I, Avervukh A ,kuznetsov D&Amp;Furmer I"
245 0 _aChemical Technology
260 _bMir Publishers
_c1979
300 _a323p
650 _aChemistry-Chemistry
942 _cBK
999 _c2129
_d2129